La historia literaria /
Guardado en:
| Autor Principal: | |
|---|---|
| Formato: | Libro |
| Publicado: |
Madrid :
Gredos,
1968
|
| Series: | Biblioteca Románica Hispánica.
|
| Materias: | |
| Etiquetas: |
Agregar Etiqueta
Sin Etiquetas, Sea el primero en etiquetar este registro!
|
| LEADER | 00667nam a22001815a 4500 | ||
|---|---|---|---|
| 001 | EHU.bham022012 | ||
| 003 | AR-BHAM | ||
| 005 | 19000101000000.0 | ||
| 008 | 130507s1968##################000#0#####d | ||
| 082 | 8 | 0 | |a 809 |
| 100 | 1 | |a Tacca, Oscar E. 0 | |
| 245 | 1 | 0 | |a La historia literaria / |c Oscar E. 0 Tacca |
| 260 | |a Madrid : |b Gredos, |c 1968 | ||
| 300 | |a 204 p. | ||
| 490 | 0 | |a Biblioteca Románica Hispánica. | |
| 653 | |a Literatura-historia de la | ||
| 653 | |a Literatura | ||
| 859 | |a AR-BHAM |b BIB. HUMANIDADES - General |h 809 |i T116 |p 145.98 |t Ej.1 | ||
